Bleu, bleue, blanc, blanche, rouge ou drapeau français ? (click quiz) - Statistiques

Statistiques générales
  • Ce quiz a été pris 39 fois
  • Le résultat moyen est 13 sur 20
Statistiques - réponses
Hint Réponse % Correct
Michel Blanc
94%
Cordon Bleu
91%
Mont Blanc
88%
Chocolat Blanc
88%
Petit chaperon Rouge
88%
Oie Blanche
84%
Bière Blanche
84%
Mariage Blanc
81%
Vote Blanc
78%
Fleur Bleue
72%
Rêve Bleu
69%
Poisson Rouge
69%
Petit livre Rouge
66%
Moulin Rouge
63%
Danube Bleu
53%
Khmer Rouge
53%
Sang Bleu
31%
Pain Drapeau français
19%
Paradis Drapeau français
6%
Peur Drapeau français
0%
Aucun quiz correspondant
Distribution des résultats
% des personnes avec chaque résultat
Percentile par nombre de réponses
Votre historique - résultats
Vous n’avez pas pris ce quiz